[Event "Junior Online 4NCL Division 5"]
[Site "online"]
[Date "2020.04.23"]
[Round "2.1"]
[White "Elliott, Joseph"]
[Black "Mansouri, Lily"]
[Result "1-0"]
[WhiteElo "970"]
[BlackElo "346"]
[PlyCount "69"]
[EventDate "2020.04.23"]
[WhiteTeam "TSK Tigers B"]
[BlackTeam "PSE Jaguars"]

1. e4 Nc6 2. Nf3 Nf6 3. Bc4 e6 4. Nc3 Be7 5. d3 O-O 6. O-O h6 7. h3 b6 8. Bb5
Nb8 9. e5 Ne8 10. d4 d6 11. exd6 Bxd6 12. d5 exd5 13. Qxd5 Nf6 14. Qxa8 Nfd7
15. Bxd7 Nxd7 16. Qxa7 Bc5 17. Nb5 Re8 18. Qxc7 Qxc7 19. Nxc7 Re7 20. Nd5 Re4
21. Nc3 Rc4 22. Nd2 Ne5 23. Nxc4 Nxc4 24. b3 Ne5 25. Re1 Bd6 26. Bf4 Ng6 27.
Bxd6 Bf5 28. Re8+ Kh7 29. Bc7 Bd7 30. Rd8 Bc6 31. Bxb6 Ne7 32. Re1 Ng6 33. Ree8
Nf4 34. Rh8+ Kg6 35. Rd6+ 1-0

[Event "Junior Online 4NCL Division 5"]
[Site "online"]
[Date "2020.04.23"]
[Round "2.2"]
[White "Gabriel, Ruby"]
[Black "Choung, Ava Grace"]
[Result "0-1"]
[WhiteElo "350"]
[BlackElo "921"]
[PlyCount "32"]
[EventDate "2020.04.23"]
[WhiteTeam "PSE Jaguars"]
[BlackTeam "TSK Tigers B"]

1. e4 e5 2. Nf3 Nc6 3. Nc3 Nf6 4. Bd3 Bc5 5. Be2 Nd4 6. Nxd4 Bxd4 7. Na4 O-O 8.
O-O Nxe4 9. d3 Nxf2 10. h3 Nxd1+ 11. Rf2 Bxf2+ 12. Kh2 Qh4 13. Bxd1 Qg3+ 14.
Kh1 d5 15. Bg5 Bxh3 16. Nc5 Qxg2# 0-1

[Event "Junior Online 4NCL Division 5"]
[Site "online"]
[Date "2020.04.23"]
[Round "2.5"]
[White "Cepoi, Gesneria"]
[Black "Withnall, Harry"]
[Result "1-0"]
[WhiteElo "1075"]
[BlackElo "597"]
[PlyCount "91"]
[EventDate "2020.04.23"]
[WhiteTeam "Uxbridge Juniors Girls"]
[BlackTeam "PSE Tigers"]

1. e4 e5 2. Nf3 Nc6 3. Bc4 Nf6 4. d3 d6 5. Nc3 Bg4 6. O-O Na5 7. h3 Bh5 8. b3
c5 9. Bg5 h6 10. Bxf6 gxf6 11. Qd2 Be7 12. Nd5 Bf8 13. Nh4 f5 14. Nxf5 Bg7 15.
Bb5+ Kf8 16. b4 cxb4 17. Nxb4 Qg5 18. Qxg5 hxg5 19. g4 Bg6 20. Nxd6 Rd8 21. Nf5
Bf6 22. Nd5 Be7 23. Ndxe7 a6 24. Ba4 Nc6 25. Nxc6 bxc6 26. Bxc6 Bxf5 27. exf5
a5 28. Kg2 Rc8 29. Bd5 Rxc2 30. Be4 f6 31. a3 Rb2 32. Rac1 Rb8 33. Rc5 a4 34.
Bc6 Rc8 35. Rfc1 Kg7 36. Kg3 Rcd8 37. Bd5 Kh6 38. Be4 Rd7 39. R1c4 Re7 40. Rxa4
Rd7 41. Ra6 Rd6 42. Rxd6 Kh7 43. Rxf6 Kg7 44. Rcc6 Kg8 45. Rg6+ Kh7 46. Rc7#
1-0

[Event "Junior Online 4NCL Division 5"]
[Site "online"]
[Date "2020.04.23"]
[Round "2.6"]
[White "Pearn, Alex"]
[Black "Knight, Zoe B"]
[Result "1-0"]
[WhiteElo "593"]
[BlackElo "1007"]
[PlyCount "133"]
[EventDate "2020.04.23"]
[WhiteTeam "PSE Tigers"]
[BlackTeam "Uxbridge Juniors Girls"]

1. e4 e5 2. Nf3 Nc6 3. Nc3 Bc5 4. Bb5 Nf6 5. Bxc6 dxc6 6. O-O O-O 7. d3 Ng4 8.
Ng5 Bd4 9. h3 f6 10. hxg4 fxg5 11. Na4 Qf6 12. Qd2 Bxg4 13. c3 Bb6 14. Nxb6
cxb6 15. f3 Be6 16. Qxg5 Qxg5 17. Bxg5 h6 18. Be7 Rf7 19. Bh4 Re7 20. Bxe7 Re8
21. Bb4 c5 22. Ba3 g5 23. d4 exd4 24. cxd4 cxd4 25. Rad1 Bxa2 26. Rxd4 Be6 27.
Rd6 Kf7 28. f4 Bc4 29. Rc1 Rxe4 30. fxg5 hxg5 31. Rd7+ Ke6 32. Rd6+ Kf5 33. Rc3
b5 34. b3 Re1+ 35. Kf2 Rf1+ 36. Ke3 Re1+ 37. Kd2 Re2+ 38. Kd1 Ra2 39. bxc4 bxc4
40. Rd5+ Ke4 41. Rxc4+ Kxd5 42. Rc3 Rxg2 43. Rd3+ Kc4 44. Rd7 b5 45. Rc7+ Kb3
46. Ke1 Kxa3 47. Kf1 Rb2 48. Rc3+ Kb4 49. Rg3 Ka4 50. Rg4+ Ka3 51. Rxg5 b4 52.
Ra5+ Kb3 53. Ke1 Kc2 54. Rc5+ Kb3 55. Kd1 Rb1+ 56. Kd2 Kb2 57. Rc2+ Kb3 58. Kd3
a5 59. Rc4 a4 60. Rh4 a3 61. Rh3 a2 62. Kd4+ Kb2 63. Rh2+ Ka3 64. Rh3+ b3 65.
Kc4 a1=Q 66. Rh7 b2 67. Ra7# 1-0

[Event "Junior Online 4NCL Division 5"]
[Site "online"]
[Date "2020.04.23"]
[Round "2.7"]
[White "Eshwar, Ananya"]
[Black "Hingston, Harry"]
[Result "1-0"]
[WhiteElo "902"]
[BlackElo "453"]
[PlyCount "65"]
[EventDate "2020.04.23"]
[WhiteTeam "Uxbridge Juniors Girls"]
[BlackTeam "PSE Tigers"]

1. d4 d5 2. Bf4 e5 3. dxe5 Nc6 4. e3 Bb4+ 5. c3 Bf8 6. Nd2 d4 7. exd4 Nge7 8.
Bd3 Nd5 9. Bg3 Qe7 10. Ngf3 Nb6 11. O-O Na4 12. Rb1 Qe6 13. b3 Nxc3 14. Qc1
Nxb1 15. Qxb1 Nb4 16. Ng5 Qd7 17. Nde4 Qxd4 18. Rd1 Be7 19. Bb5+ Qd7 20. Bxd7+
Bxd7 21. h3 O-O 22. e6 fxe6 23. Rxd7 Rf7 24. Nxf7 Kxf7 25. Rxc7 Nd5 26. Rxb7 a6
27. Qd1 Nc3 28. Nxc3 Rd8 29. Rd7 Rxd7 30. Qxd7 a5 31. Ne4 Kf8 32. Qxe6 Bd6 33.
Bxd6# 1-0

[Event "Junior Online 4NCL Division 5"]
[Site "online"]
[Date "2020.04.23"]
[Round "2.8"]
[White "Howell, Lloyd"]
[Black "Vijayakumar, Mrinali"]
[Result "1-0"]
[WhiteElo "426"]
[BlackElo "790"]
[PlyCount "35"]
[EventDate "2020.04.23"]
[WhiteTeam "PSE Tigers"]
[BlackTeam "Uxbridge Juniors Girls"]

1. e4 Nf6 2. Bc4 e6 3. Nc3 d5 4. Bb5+ Bd7 5. Nf3 Bb4 6. d3 O-O 7. O-O a6 8. Ba4
Bc5 9. exd5 exd5 10. Ne5 Qe8 11. Re1 Qe7 12. Re4 Qd6 13. Rh4 g5 14. Rh3 Qb6 15.
Qg4 Bb4 16. Qxg5+ Kh8 17. Rg3 Re8 18. Qg7# 1-0

[Event "Junior Online 4NCL Division 5"]
[Site "online"]
[Date "2020.04.23"]
[Round "2.9"]
[White "Withnall, Harry"]
[Black "Cepoi, Gesneria"]
[Result "0-1"]
[WhiteElo "597"]
[BlackElo "1075"]
[PlyCount "50"]
[EventDate "2020.04.23"]
[WhiteTeam "PSE Tigers"]
[BlackTeam "Uxbridge Juniors Girls"]

1. e4 e5 2. Nf3 d6 3. Nc3 f6 4. d4 Qe7 5. Bc4 Be6 6. Bb5+ Nd7 7. O-O c6 8. Bd3
d5 9. dxe5 fxe5 10. exd5 cxd5 11. Bb5 Ngf6 12. Bg5 h6 13. Bh4 g5 14. Nxg5 hxg5
15. Bxg5 Rg8 16. Bh4 Rg4 17. Bxf6 Qxf6 18. Be2 Rg6 19. Bh5 Bf7 20. Bxg6 Bxg6
21. Nxd5 Qe6 22. Ne3 O-O-O 23. c4 Be4 24. Re1 Qg6 25. Nf1 Qxg2# 0-1

[Event "Junior Online 4NCL Division 5"]
[Site "online"]
[Date "2020.04.23"]
[Round "2.10"]
[White "Knight, Zoe B"]
[Black "Pearn, Alex"]
[Result "0-1"]
[WhiteElo "1007"]
[BlackElo "593"]
[PlyCount "38"]
[EventDate "2020.04.23"]
[WhiteTeam "Uxbridge Juniors Girls"]
[BlackTeam "PSE Tigers"]

1. e4 e5 2. Bc4 Nf6 3. d3 Bc5 4. Bg5 d6 5. Bxf6 Qxf6 6. Nf3 Bg4 7. Nbd2 Bxf3 8.
Nxf3 O-O 9. Qe2 c6 10. O-O-O b5 11. Bb3 Qf4+ 12. Rd2 Qg4 13. h3 Qxg2 14. Rdd1
Bxf2 15. Qd2 Qxf3 16. d4 Be3 17. dxe5 Bxd2+ 18. Rxd2 Qxh1+ 19. Rd1 Qxe4 0-1

[Event "Junior Online 4NCL Division 5"]
[Site "online"]
[Date "2020.04.23"]
[Round "2.11"]
[White "Hingston, Harry"]
[Black "Eshwar, Ananya"]
[Result "0-1"]
[WhiteElo "453"]
[BlackElo "902"]
[PlyCount "44"]
[EventDate "2020.04.23"]
[WhiteTeam "PSE Tigers"]
[BlackTeam "Uxbridge Juniors Girls"]

1. d4 d5 2. Nf3 Bf5 3. Nc3 Nf6 4. e4 dxe4 5. Bb5+ c6 6. Bf1 exf3 7. gxf3 Nbd7
8. Be2 c5 9. dxc5 Nxc5 10. Bf4 Ne6 11. Bb5+ Nd7 12. O-O Nxf4 13. Qc1 e5 14. Bc4
Bc5 15. Bd5 Nxd5 16. Nxd5 Nb6 17. Nc3 O-O 18. Rd1 Qh4 19. Qd2 Bh3 20. Nd5 Nc4
21. Qc3 Qxf2+ 22. Kh1 Qg2# 0-1

[Event "Junior Online 4NCL Division 5"]
[Site "online"]
[Date "2020.04.23"]
[Round "2.12"]
[White "Vijayakumar, Mrinali"]
[Black "Howell, Lloyd"]
[Result "1-0"]
[WhiteElo "790"]
[BlackElo "426"]
[PlyCount "45"]
[EventDate "2020.04.23"]
[WhiteTeam "Uxbridge Juniors Girls"]
[BlackTeam "PSE Tigers"]

1. d4 d5 2. e3 e6 3. Bb5+ c6 4. Ba4 Be7 5. Bd2 Bh4 6. Nf3 Qf6 7. O-O Bg5 8. e4
Qh6 9. Nxg5 Nf6 10. exd5 Ng4 11. Qxg4 e5 12. Qxc8+ Ke7 13. Qxb7+ Kd8 14. Qxa8
Kc8 15. dxc6 f6 16. Nf7 Rf8 17. Nxh6 Rd8 18. Ba5 Re8 19. c7 exd4 20. Bxe8 f5
21. Bb4 gxh6 22. Bd6 f4 23. cxb8=Q# 1-0

[Event "Junior Online 4NCL Division 5"]
[Site "online"]
[Date "2020.04.23"]
[Round "2.15"]
[White "Hanache, Kai"]
[Black "Bradley, Adam"]
[Result "0-1"]
[WhiteElo "1217"]
[BlackElo "1075"]
[PlyCount "99"]
[EventDate "2020.04.23"]
[WhiteTeam "Hammersmith 3"]
[BlackTeam "Robin Hoods 6"]

1. e4 e5 2. d4 d6 3. dxe5 dxe5 4. Qxd8+ Kxd8 5. Nf3 Nc6 6. Bb5 Nd4 7. Nxd4 exd4
8. O-O a6 9. Ba4 b5 10. Bb3 Nf6 11. Rd1 b4 12. Rxd4+ Ke8 13. Bg5 h6 14. Bxf6
gxf6 15. Ba4+ Ke7 16. Rxb4 Kd8 17. Nc3 Bxb4 18. Rd1+ Bd7 19. Bxd7 Ke7 20. Nd5+
Kxd7 21. Nxb4+ Ke6 22. a3 Rae8 23. f3 a5 24. Nc6 f5 25. Nd4+ Ke5 26. Nxf5 Rd8
27. Rxd8 Rxd8 28. Nxh6 Rd1+ 29. Kf2 Rd2+ 30. Ke3 Rxc2 31. Nxf7+ Ke6 32. Ng5+
Ke5 33. f4+ Kd6 34. e5+ Kd5 35. Kf3 Rxb2 36. h4 Ra2 37. Kg4 Rxa3 38. h5 Rb3 39.
h6 Rb8 40. h7 Rh8 41. Nf7 Rxh7 42. Ng5 Rg7 43. Kf3 a4 44. Ke2 a3 45. Kf3 a2 46.
Kg4 a1=Q 47. Kf5 Qa6 48. Kg4 Qe2+ 49. Kg3 Rxg5+ 50. fxg5 0-1

[Event "Junior Online 4NCL Division 5"]
[Site "online"]
[Date "2020.04.23"]
[Round "2.16"]
[White "Brown, William"]
[Black "Yang, Rachel"]
[Result "0-1"]
[WhiteElo "917"]
[BlackElo "1180"]
[PlyCount "66"]
[EventDate "2020.04.23"]
[WhiteTeam "Robin Hoods 6"]
[BlackTeam "Hammersmith 3"]

1. e4 c5 2. Nf3 Nc6 3. Nc3 Nf6 4. d3 h6 5. e5 Ng4 6. Qe2 d6 7. exd6 Qxd6 8. h3
Nf6 9. g3 Bf5 10. Bf4 Qd7 11. Ne5 Nxe5 12. Bxe5 e6 13. g4 Bg6 14. Bg2 Be7 15.
O-O O-O 16. Rfe1 Rad8 17. g5 hxg5 18. Be4 Bxe4 19. dxe4 a6 20. Kg2 b5 21. Rh1
b4 22. Nd1 a5 23. h4 g4 24. Bxf6 Bxf6 25. Qxg4 e5 26. Qf3 Rfe8 27. h5 Qd2 28.
h6 gxh6 29. Rxh6 Qxh6 30. Ne3 Qg6+ 31. Kh3 Kg7 32. Rf1 Rh8+ 33. Qh5 Rxh5# 0-1

[Event "Junior Online 4NCL Division 5"]
[Site "online"]
[Date "2020.04.23"]
[Round "2.17"]
[White "Singh, Simran"]
[Black "Clay, Jonathan"]
[Result "1-0"]
[WhiteElo "1120"]
[BlackElo "887"]
[PlyCount "75"]
[EventDate "2020.04.23"]
[WhiteTeam "Hammersmith 3"]
[BlackTeam "Robin Hoods 6"]

1. e4 e5 2. Nf3 Nc6 3. Nc3 Nf6 4. Bc4 Bc5 5. d3 d6 6. Bg5 Bg4 7. Nd5 Bxf3 8.
Qxf3 Nd4 9. Qd1 O-O 10. O-O h6 11. Bxf6 gxf6 12. Qh5 Nxc2 13. Rac1 Nb4 14. Qxh6
Nxd5 15. Bxd5 c6 16. Bb3 Bd4 17. Bd1 Bxb2 18. Rb1 Ba3 19. Bg4 d5 20. exd5 Qxd5
21. Rxb7 e4 22. dxe4 Qxe4 23. Bh5 Rfe8 24. h3 Bd6 25. g3 Qh7 26. Bxf7+ Kh8 27.
Qxh7+ Kxh7 28. Bxe8+ Kg8 29. Bxc6 Rb8 30. Rxb8+ Bxb8 31. Rb1 Be5 32. Kg2 a5 33.
Kf3 a4 34. Ke4 Bc3 35. Kf5 a3 36. Kg6 Bb2 37. Re1 Bc3 38. Re8# 1-0

[Event "Junior Online 4NCL Division 5"]
[Site "online"]
[Date "2020.04.23"]
[Round "2.19"]
[White "Bradley, Adam"]
[Black "Hanache, Kai"]
[Result "0-1"]
[WhiteElo "1075"]
[BlackElo "1217"]
[PlyCount "56"]
[EventDate "2020.04.23"]
[WhiteTeam "Robin Hoods 6"]
[BlackTeam "Hammersmith 3"]

1. e4 e5 2. Nf3 Nc6 3. Bc4 Bc5 4. d3 Nf6 5. Ng5 O-O 6. Nc3 h6 7. Nf3 d6 8. h3
Be6 9. Bxe6 fxe6 10. O-O d5 11. Nh4 Nxe4 12. dxe4 Qxh4 13. exd5 Bxf2+ 14. Rxf2
Qxf2+ 15. Kh2 exd5 16. Qg4 Kh7 17. Nxd5 Nd4 18. Ne7 Nf3+ 19. Qxf3 Rxf3 20. Nd5
Qg3+ 21. Kg1 Rf2 22. Ne3 Raf8 23. Bd2 Rxd2 24. Re1 Qxe1+ 25. Kh2 Qxe3 26. c4
Rxg2+ 27. Kxg2 Rf2+ 28. Kh1 Qe1# 0-1

[Event "Junior Online 4NCL Division 5"]
[Site "online"]
[Date "2020.04.23"]
[Round "2.20"]
[White "Yang, Rachel"]
[Black "Brown, William"]
[Result "0-1"]
[WhiteElo "1180"]
[BlackElo "917"]
[PlyCount "62"]
[EventDate "2020.04.23"]
[WhiteTeam "Hammersmith 3"]
[BlackTeam "Robin Hoods 6"]

1. e4 e6 2. e5 d6 3. exd6 cxd6 4. d4 d5 5. Nc3 b6 6. Bb5+ Bd7 7. Nf3 a6 8.
Bxd7+ Nxd7 9. O-O Rc8 10. Bg5 Be7 11. Bxe7 Qxe7 12. Re1 a5 13. Nxd5 Qd8 14. a4
Ngf6 15. Nxf6+ Nxf6 16. b3 Nd5 17. Qd3 Nb4 18. Qb5+ Kf8 19. Rac1 Nxc2 20. Re4
Na3 21. Qh5 g6 22. Qh6+ Kg8 23. Rxc8 Qxc8 24. h3 Qc1+ 25. Re1 Qxh6 26. Kh2 Nc2
27. Re2 Nb4 28. g3 e5 29. dxe5 Nd3 30. Re3 Nc5 31. Kg2 g5 0-1

[Event "Junior Online 4NCL Division 5"]
[Site "online"]
[Date "2020.04.23"]
[Round "2.21"]
[White "Clay, Jonathan"]
[Black "Singh, Simran"]
[Result "1-0"]
[WhiteElo "887"]
[BlackElo "1120"]
[PlyCount "37"]
[EventDate "2020.04.23"]
[WhiteTeam "Robin Hoods 6"]
[BlackTeam "Hammersmith 3"]

1. d4 d5 2. Nf3 Nc6 3. Nc3 Nf6 4. Bf4 Bf5 5. e3 e6 6. Bb5 Bb4 7. Bxc6+ bxc6 8.
O-O O-O 9. Ne5 Ne4 10. Nxc6 Qf6 11. Nxb4 Qg6 12. Bxc7 Bh3 13. Qf3 Nd2 14. Qxh3
Nxf1 15. Kxf1 Rac8 16. Bd6 a5 17. Nd3 Rfd8 18. Be7 Re8 19. Ba3 1-0

[Event "Junior Online 4NCL Division 5"]
[Site "online"]
[Date "2020.04.23"]
[Round "2.25"]
[White "Dobariya, Asin"]
[Black "Pardeshi, Prachi"]
[Result "0-1"]
[WhiteElo "985"]
[BlackElo "519"]
[PlyCount "84"]
[EventDate "2020.04.23"]
[WhiteTeam "Leicestershire Juniors 5"]
[BlackTeam "East Kilbride Bishops"]

1. e4 e5 2. Nf3 Nc6 3. Bc4 g6 4. Nc3 Bg7 5. d3 Nf6 6. Bg5 O-O 7. Nd5 b6 8.
Nxf6+ Bxf6 9. Bxf6 Qxf6 10. O-O Nd4 11. Nxd4 exd4 12. h3 d6 13. Qf3 Qxf3 14.
gxf3 Bxh3 15. Rfe1 Be6 16. Bxe6 fxe6 17. c3 dxc3 18. bxc3 Rxf3 19. Rad1 Raf8
20. Kg2 Rxf2+ 21. Kg3 Rxa2 22. d4 Ra3 23. Re3 c5 24. dxc5 dxc5 25. e5 h5 26.
Rd7 Rf7 27. Rd6 Re7 28. Rc6 Kg7 29. Rd3 g5 30. Rdd6 Rxc3+ 31. Kh2 g4 32. Kg2 h4
33. Kf2 g3+ 34. Kg2 Rc2+ 35. Kh3 Rh2+ 36. Kg4 g2 37. Rd1 Rh1 38. Rcd6 g1=Q+ 39.
Rxg1 Rxg1+ 40. Kh5 h3 41. Rc6 h2 42. Rd6 h1=Q# 0-1

[Event "Junior Online 4NCL Division 5"]
[Site "online"]
[Date "2020.04.23"]
[Round "2.26"]
[White "Narasimhan, Srivathsan"]
[Black "Wakelin, Sam"]
[Result "0-1"]
[WhiteElo "410"]
[BlackElo "887"]
[PlyCount "24"]
[EventDate "2020.04.23"]
[WhiteTeam "East Kilbride Bishops"]
[BlackTeam "Leicestershire Juniors 5"]

1. e4 e5 2. Nf3 Nf6 3. Nc3 Nc6 4. Bb5 Bb4 5. Bxc6 Bxc3 6. bxc3 bxc6 7. Rb1 Ba6
8. Ba3 Nxe4 9. Nxe5 Qh4 10. g3 Qf6 11. Qg4 Qxf2+ 12. Kd1 Qxd2# 0-1

[Event "Junior Online 4NCL Division 5"]
[Site "online"]
[Date "2020.04.23"]
[Round "2.27"]
[White "Morris, Conor"]
[Black "Israni, Ishita"]
[Result "1-0"]
[WhiteElo "947"]
[BlackElo "306"]
[PlyCount "89"]
[EventDate "2020.04.23"]
[WhiteTeam "Leicestershire Juniors 5"]
[BlackTeam "East Kilbride Bishops"]

1. e4 e5 2. Qh5 Nh6 3. Bc4 Qe7 4. d3 Nc6 5. Bxh6 gxh6 6. Nh3 d6 7. Ng1 d5 8.
exd5 Qb4+ 9. c3 Qe7 10. dxc6 bxc6 11. Ne2 Rg8 12. Na3 Rxg2 13. Nc2 Rg5 14. Qf3
Bg4 15. Qxc6+ Bd7 16. Qxa8+ Qd8 17. Qe4 Qb8 18. Qxh7 Kd8 19. Qxf7 Be7 20. Qh7
Rf5 21. Qh8+ Be8 22. Be6 Qb6 23. Bxf5 Bh4 24. Rf1 Qxb2 25. Bd7 Kxd7 26. Qxe5
Qxc2 27. Rc1 Qxd3 28. Nf4 Kc8 29. Nxd3 Bg6 30. Qh8+ Kb7 31. Qxh6 Bxd3 32. Rb1+
Bxb1 33. Qxh4 Bxa2 34. Rg1 Bd5 35. Rg5 Bc6 36. Qb4+ Kc8 37. Rg8+ Kd7 38. Rg6 a6
39. h4 Be4 40. Qxe4 a5 41. h5 c5 42. h6 a4 43. Qf4 a3 44. Qf7+ Kc8 45. Rg8# 1-0

[Event "Junior Online 4NCL Division 5"]
[Site "online"]
[Date "2020.04.23"]
[Round "2.28"]
[White "Biswas, Snigdha"]
[Black "Garg, Aarav"]
[Result "0-1"]
[WhiteElo "300"]
[BlackElo "850"]
[PlyCount "44"]
[EventDate "2020.04.23"]
[WhiteTeam "East Kilbride Bishops"]
[BlackTeam "Leicestershire Juniors 5"]

1. e4 e5 2. Nf3 Nc6 3. b3 Nf6 4. Nc3 Bc5 5. a4 d6 6. d3 Bg4 7. Be2 O-O 8. Ng5
Bxe2 9. Qxe2 Nd4 10. Qd2 Ng4 11. O-O Ne6 12. Nd5 h6 13. Nxe6 fxe6 14. Nc3 Bxf2+
15. Rxf2 Nxf2 16. h3 Nxh3+ 17. Kh2 Qh4 18. gxh3 Rf2+ 19. Qxf2 Qxf2+ 20. Kh1 Rf8
21. Bb2 Rf3 22. Rg1 Rxh3# 0-1

[Event "Junior Online 4NCL Division 5"]
[Site "online"]
[Date "2020.04.23"]
[Round "2.29"]
[White "Pardeshi, Prachi"]
[Black "Dobariya, Asin"]
[Result "1-0"]
[WhiteElo "519"]
[BlackElo "985"]
[PlyCount "73"]
[EventDate "2020.04.23"]
[WhiteTeam "East Kilbride Bishops"]
[BlackTeam "Leicestershire Juniors 5"]

1. e4 e5 2. Nf3 Nc6 3. d4 exd4 4. Nxd4 Nxd4 5. Qxd4 Nf6 6. Bc4 b6 7. Bd5 Bc5 8.
Qe5+ Be7 9. Bxa8 c6 10. O-O Bb7 11. Bxb7 d6 12. Bxc6+ Nd7 13. Bxd7+ Qxd7 14.
Qd4 Bf6 15. Qd3 O-O 16. Nc3 Bd8 17. Qg3 Bc7 18. Bh6 g6 19. Bxf8 Kxf8 20. Rad1
d5 21. Rxd5 Qe7 22. Qd3 Qh4 23. g3 Qf6 24. Nb5 Bb8 25. Rd8+ Kg7 26. Rxb8 a6 27.
Nd4 b5 28. c3 h5 29. Nf3 g5 30. Rd1 g4 31. Nh4 Kh6 32. Qd6 Qxd6 33. Rxd6+ f6
34. Rxf6+ Kg5 35. Rbf8 b4 36. e5 b3 37. Rg8# 1-0

[Event "Junior Online 4NCL Division 5"]
[Site "online"]
[Date "2020.04.23"]
[Round "2.30"]
[White "Wakelin, Sam"]
[Black "Narasimhan, Srivathsan"]
[Result "0-1"]
[WhiteElo "887"]
[BlackElo "410"]
[PlyCount "82"]
[EventDate "2020.04.23"]
[WhiteTeam "Leicestershire Juniors 5"]
[BlackTeam "East Kilbride Bishops"]

1. d4 d5 2. Nc3 Nf6 3. Nf3 Nc6 4. Qd3 Nb4 5. Qd2 Ne4 6. Qf4 Nxc2+ 7. Kd1 Nxa1
8. Ne5 f6 9. Nxd5 Qxd5 10. e3 fxe5 11. Qh4 exd4 12. f3 dxe3+ 13. Ke2 Qc4+ 14.
Kxe3 Qxc1+ 15. Kxe4 Qc2+ 16. Ke3 Qxb2 17. Qg5 Qc1+ 18. Ke4 Qxg5 19. Bb5+ Bd7
20. Bxd7+ Kd8 21. h4 Qg6+ 22. Bf5 Qg3 23. Rg1 Qxh4+ 24. Ke5 Qh2+ 25. Kd5 Qxg1
26. Ke6 Qxg2 27. Kf7 Qxf3 28. Ke6 g6 29. Bb1 Qe2+ 30. Kf7 Qf1+ 31. Ke6 Qxb1 32.
a3 Qb3+ 33. Ke5 Bg7+ 34. Kf4 Rg8 35. Kg4 Rf8 36. a4 Qd1+ 37. Kg5 Qg1+ 38. Kh4
Rf5 39. Kh3 Rg5 40. Kh4 Bf6 41. Kh3 Qh1# 0-1

[Event "Junior Online 4NCL Division 5"]
[Site "online"]
[Date "2020.04.23"]
[Round "2.31"]
[White "Israni, Ishita"]
[Black "Morris, Conor"]
[Result "1-0"]
[WhiteElo "306"]
[BlackElo "947"]
[PlyCount "140"]
[EventDate "2020.04.23"]
[WhiteTeam "East Kilbride Bishops"]
[BlackTeam "Leicestershire Juniors 5"]

1. e4 e5 2. Nf3 Qe7 3. Nc3 Nf6 4. Bc4 Nc6 5. Ng5 Qb4 6. Nxf7 Rg8 7. Ng5 Qxc4 8.
d3 Qb4 9. a3 Qe7 10. Be3 Ng4 11. Qxg4 h6 12. Qh5+ g6 13. Qxh6 Bxh6 14. Nd5 Qd6
15. Nh3 Bxe3 16. fxe3 Qf8 17. Ng5 Rg7 18. Nxc7+ Kd8 19. Nxa8 Na5 20. Nf3 Rf7
21. O-O g5 22. g4 d6 23. Rf2 Bxg4 24. Nxg5 Rxf2 25. Ne6+ Ke7 26. Nxf8 Rxf8 27.
Nc7 Rc8 28. Nd5+ Ke6 29. Nb4 Rg8 30. d4 exd4 31. exd4 Bf3+ 32. Kf2 Bxe4 33. c4
Nxc4 34. d5+ Ke5 35. Rd1 Nxb2 36. Rd2 Nc4 37. Nd3+ Kxd5 38. Nf4+ Ke5 39. Ne2
Nxd2 40. Nc3 Bc2 41. Nb5 a6 42. Nc3 b5 43. Ne2 Ra8 44. Nc3 a5 45. Nxb5 Ba4 46.
Nc3 Bb3 47. Nb5 Rb8 48. Nc7 Ne4+ 49. Ke3 Nc5 50. Kd2 Rc8 51. Nb5 d5 52. Kc3 Ba4
53. Na7 Ra8 54. Nc6+ Bxc6 55. h4 Na4+ 56. Kb3 d4 57. h5 d3 58. h6 d2 59. Kc2
Rd8 60. Kd1 Nb2+ 61. Ke2 d1=Q+ 62. Ke3 Kd5 63. h7 Re8+ 64. Kf4 Qf1+ 65. Kg5 Qf7
66. Kh6 Re6+ 67. Kg5 Qxh7 68. Kf4 Qf7+ 69. Kg5 Rg6+ 70. Kh4 Qh7# 1-0

[Event "Junior Online 4NCL Division 5"]
[Site "online"]
[Date "2020.04.23"]
[Round "2.32"]
[White "Garg, Aarav"]
[Black "Biswas, Snigdha"]
[Result "0-1"]
[WhiteElo "850"]
[BlackElo "300"]
[PlyCount "118"]
[EventDate "2020.04.23"]
[WhiteTeam "Leicestershire Juniors 5"]
[BlackTeam "East Kilbride Bishops"]

1. d4 Nf6 2. Nf3 Nc6 3. Nc3 d5 4. Bf4 Bf5 5. e4 dxe4 6. Ne5 Bg4 7. Be2 Bxe2 8.
Nxe2 e6 9. Nxc6 Qd7 10. Ne5 Qd8 11. O-O Bd6 12. Nc3 O-O 13. Re1 Nh5 14. Nxe4
Nxf4 15. Nxd6 Qxd6 16. Qf3 Nd5 17. Re4 a5 18. Rh4 Nf6 19. Re1 h6 20. Qg3 Qd5
21. Ng4 Qxd4 22. Nxf6+ Qxf6 23. Rf4 Qg5 24. Rg4 Qf6 25. Rxg7+ Qxg7 26. Qxg7+
Kxg7 27. Re5 Rfd8 28. h4 Rd1+ 29. Kh2 Rad8 30. Rxa5 R8d5 31. Ra7 R1d2 32. Rxb7
Rxc2 33. b4 Rxa2 34. Rxc7 Rxf2 35. Rb7 Kg6 36. b5 Kh5 37. b6 Rd8 38. Rxf7 Rb8
39. b7 Rb2 40. Kg3 R2xb7 41. Rxb7 Rxb7 42. Kf4 Re7 43. g4+ Kxh4 44. Kf3 e5 45.
Kg2 e4 46. Kf2 e3+ 47. Ke2 Kxg4 48. Ke1 h5 49. Ke2 h4 50. Ke1 h3 51. Kf1 h2 52.
Kg2 e2 53. Kxh2 e1=Q 54. Kg2 Qe3 55. Kh1 Kf4 56. Kg2 Rc7 57. Kh1 Rc1+ 58. Kh2
Rc2+ 59. Kh1 Qe1# 0-1

[Event "Junior Online 4NCL Division 5"]
[Site "online"]
[Date "2020.04.23"]
[Round "2.35"]
[White "Allen, George"]
[Black "Lombardo, Martino"]
[Result "1-0"]
[WhiteElo "1382"]
[BlackElo "917"]
[PlyCount "73"]
[EventDate "2020.04.23"]
[WhiteTeam "KJCA Young Kestrels E"]
[BlackTeam "Leicestershire Juniors 6"]

1. b4 e5 2. Bb2 Nc6 3. b5 Nb4 4. a3 Nd5 5. e4 Ndf6 6. Bxe5 d6 7. Bb2 Nxe4 8.
Qe2 Qe7 9. Nf3 Bg4 10. h3 Bh5 11. Qe3 O-O-O 12. Bd3 d5 13. O-O Bxf3 14. Qxf3 b6
15. Re1 Ngf6 16. Bxe4 dxe4 17. Qf4 g6 18. Bxf6 Qd6 19. Qxd6 Rxd6 20. Bxh8 Kb8
21. Rxe4 Be7 22. Rxe7 Kc8 23. a4 c5 24. Rxf7 h5 25. Ra3 Re6 26. Re3 Rd6 27.
Re8+ Rd8 28. Rxd8+ Kxd8 29. Rxa7 Ke8 30. Rb7 Kd8 31. Rxb6 Kc7 32. Rxg6 Kb7 33.
a5 Ka7 34. b6+ Kb7 35. Rg5 c4 36. Rxh5 c3 37. dxc3 1-0

[Event "Junior Online 4NCL Division 5"]
[Site "online"]
[Date "2020.04.23"]
[Round "2.36"]
[White "Friedersdorff, Finlay"]
[Black "Watson, Scarlet"]
[Result "0-1"]
[WhiteElo "887"]
[BlackElo "1232"]
[PlyCount "64"]
[EventDate "2020.04.23"]
[WhiteTeam "Leicestershire Juniors 6"]
[BlackTeam "KJCA Young Kestrels E"]

1. e4 d5 2. Nc3 Nf6 3. Bd3 g6 4. Nf3 Bg7 5. e5 Nfd7 6. e6 fxe6 7. O-O O-O 8.
Qe1 Nc5 9. b4 Nxd3 10. cxd3 Nc6 11. b5 Nb4 12. Ba3 Nc2 13. Qe3 Nxe3 14. fxe3 e5
15. Nh4 e6 16. Rxf8+ Bxf8 17. Rf1 Bxa3 18. d4 Qxh4 19. g3 Qe7 20. dxe5 d4 21.
exd4 Qd7 22. Rf6 Qxd4+ 23. Kg2 Qxe5 24. Rf3 b6 25. Nb1 Bb7 26. Nxa3 Rd8 27. Kf2
Bxf3 28. Kxf3 Rd3+ 29. Kg2 Qe2+ 30. Kh3 Rxa3 31. d4 Rxa2 32. g4 Qxh2# 0-1

[Event "Junior Online 4NCL Division 5"]
[Site "online"]
[Date "2020.04.23"]
[Round "2.37"]
[White "Heard, Ben"]
[Black "Kadir, Karo"]
[Result "1-0"]
[WhiteElo "1240"]
[BlackElo "850"]
[PlyCount "31"]
[EventDate "2020.04.23"]
[WhiteTeam "KJCA Young Kestrels E"]
[BlackTeam "Leicestershire Juniors 6"]

1. e4 e5 2. Nf3 Nc6 3. Nc3 Nf6 4. Bc4 Bc5 5. O-O d6 6. h3 O-O 7. d3 Re8 8. Bg5
Be6 9. Bb3 Bxb3 10. axb3 Qe7 11. Nd5 Qd8 12. Nxf6+ gxf6 13. Bh6 Nd4 14. Nxd4
Bxd4 15. Qg4+ Kh8 16. Qg7# 1-0

[Event "Junior Online 4NCL Division 5"]
[Site "online"]
[Date "2020.04.23"]
[Round "2.38"]
[White "Prashanth, Shashank"]
[Black "Allen, Grace"]
[Result "0-1"]
[WhiteElo "880"]
[BlackElo "1030"]
[PlyCount "45"]
[EventDate "2020.04.23"]
[WhiteTeam "Leicestershire Juniors 6"]
[BlackTeam "KJCA Young Kestrels E"]

1. e4 e5 2. Nf3 Nc6 3. Bc4 Nd4 4. Nxd4 exd4 5. d3 Bd6 6. c3 Nf6 7. cxd4 O-O 8.
O-O Ng4 9. Qxg4 b6 10. e5 Be7 11. g3 Bb7 12. d5 c6 13. dxc6 Bxc6 14. f3 d5 15.
Bb3 d4 16. f4 Qd5 17. Rf3 Qa5 18. Bd2 Qa6 19. Bc4 Qb7 20. Kf2 Bd7 21. Qh4 Bxh4
22. gxh4 Bc6 23. Re3 0-1